Aigues-Mortes - Choix multiples - Statistiques

Statistiques générales
  • Ce quiz a été pris 28 fois
  • Le résultat moyen est 6 sur 10
Statistiques - réponses
Question Réponse % Correct
Dans quelle région naturelle se situe Aigues-Mortes ? La Camargue
100%
Quel secteur d'activité occupe principalement le territoire de la moitié sud de la ville entre les étangs et les marais ? La culture du sel
86%
Parmi ces images, laquelle représente Aigues-Mortes ?
82%
Quel roi de France fit construire les remparts d'Aigues-Mortes ? Saint Louis
71%
Quelle ville portuaire située à environ 6 kilomètres du centre d'Aigues-Mortes et limitrophe de la commune de cette dernière, s'est surtout développé démographiquement dans les années 1960 grâce à la mission Racine ? Le Grau-du-Roi
64%
Quel saint français a été capturé par les Barbaresques au large d'Aigues-Mortes ? Saint Vincent de Paul
54%
Laquelle parmi les villes suivantes est la plus proche d'Aigues-Mortes en terme de distance ? Montpellier
43%
Duquel de ces légumes, la célestine est-elle une variété typique de la région d'Aigues-Mortes ? L'asperge
39%
Lequel de ces autoportraits est celui de Frédéric Bazille, réalisé à Aigues-Mortes ?
29%
Quelle personnalité monarchique a été faite citoyen d'honneur de la ville d'Aigues-Mortes en 1992 ? Louis de Bourbon (Louis XX)
11%
Aucun quiz correspondant
Distribution des résultats
% des personnes avec chaque résultat
Percentile par nombre de réponses
Votre historique - résultats
Vous n’avez pas pris ce quiz